[Event "Chess.com Rapid Wk8 Swiss"]
[Site "Chess.com INT"]
[Date "2022.04.02"]
[Round "6"]
[White "Nakamura, Hikaru"]
[Black "Jumabayev, Rinat"]
[Result "1-0"]
[WhiteElo "2750"]
[BlackElo "2628"]
[PlyCount "123"]
[EventDate "2022.04.02"]
[EventType "swiss (rapid)"]
[EventRounds "9"]
[EventCountry "USA"]
[SourceTitle "CBM 207 Extra"]
[Source "ChessBase"]
[SourceDate "2022.05.31"]
[SourceVersion "1"]
[SourceVersionDate "2022.05.31"]
[SourceQuality "1"]

1. Nf3 e6 2. b3 Nf6 3. Bb2 b6 4. g3 Bb7 5. Bg2 Be7 ({RR} 5... d5 6. c4 dxc4 7. bxc4 c5 8. O-O Be7 9. d3 O-O 10. Nbd2 Nc6 11. Ne5 Qc7 12. Ndf3 Nxe5 13. Bxe5 Qd7 14. a4 Qc8 15. a5 Nd7 16. Bc3 Bc6 17. Qc2 Bf6 18. Bxf6 Nxf6 19. Rfb1 Qc7 20. Qc3 {So,W (2815)-Carlsen,M (2832) Chess.com INT 2017 ½-½}) 6. O-O O-O 7. e3 $146 ({RR} 7. c4) ({RR} 7. c4 c6 8. d3 d5 9. Nbd2 a5 10. e4 Na6 11. e5 Nd7 12. d4 c5 13. a3 a4 14. bxa4 Bc6 15. cxd5 exd5 16. dxc5 bxc5 17. Re1 Nc7 18. Nb1 Bxa4 19. Qd2 Bc6 20. Nc3 Nb6 21. Qe2 d4 {Zhizmer,Y (2298)-Barria Zuniga,D (2341) chess.com INT 2025 0-1 (45)}) 7... c5 8. Qe2 d5 9. d4 Nc6 10. Rd1 Qc7 11. dxc5 bxc5 12. Nbd2 Rfd8 13. c4 d4 14. exd4 cxd4 15. Ne1 a5 16. a3 Nd7 17. Nd3 Nc5 18. Nxc5 Bxc5 19. Nf3 h6 20. Ne1 Qb6 21. Nd3 Rac8 22. Rab1 Bf8 23. b4 axb4 24. axb4 Ne7 25. Bxb7 Qxb7 26. Nc5 Qxb4 27. Bxd4 Qxb1 28. Rxb1 Rxd4 29. Rb5 Kh8 30. Nd3 Rdxc4 31. Ne5 Rc1+ 32. Kg2 Kg8 33. Rb7 R1c7 34. Qf3 Nf5 35. Rxc7 Rxc7 36. Qa8 Nd6 37. Qd8 Rc8 38. Qd7 Ra8 39. g4 g5 40. h4 Ra5 41. Nc6 Rd5 42. Nd8 Rd4 43. f3 Rf4 44. Nc6 gxh4 45. Ne5 Kg7 46. Qd8 Nc4 47. Nd3 Ne3+ 48. Kf2 Nxg4+ 49. Ke2 Rc4 50. fxg4 Rxg4 51. Qc7 h3 52. Nf2 Rg2 53. Kf3 Rg6 54. Nxh3 Rf6+ 55. Ke4 Rf5 56. Nf4 Kg8 57. Qd7 Bg7 58. Ne2 Kh7 59. Ng3 Re5+ 60. Kf3 Kg6 61. Qd3+ f5 62. Qd7 1-0

[Event "Chess.com Rapid Wk8 KO"]
[Site "Chess.com INT"]
[Date "2022.04.03"]
[Round "1.1"]
[White "Maghsoodloo, Parham"]
[Black "Tabatabaei, Mohammad Amin"]
[Result "1-0"]
[WhiteElo "2699"]
[BlackElo "2632"]
[PlyCount "97"]
[EventDate "2022.04.03"]
[EventType "k.o. (rapid)"]
[EventRounds "3"]
[EventCountry "USA"]
[SourceTitle "CBM 207 Extra"]
[Source "ChessBase"]
[SourceDate "2022.05.31"]
[SourceVersion "1"]
[SourceVersionDate "2022.05.31"]
[SourceQuality "1"]

1. Nf3 d5 2. b3 Bf5 3. Bb2 e6 4. c4 h6 5. g3 Nf6 6. Bg2 Be7 7. O-O O-O 8. Nc3 c6 9. d4 Ne4 10. Ne5 $146 ({RR} 10. Rc1 a5 11. Ne5 Nxc3 12. Bxc3 Nd7 13. Nd3 a4 14. Qd2 axb3 15. axb3 Qb6 16. c5 Qb5 17. Ra1 Rxa1 18. Rxa1 Qxb3 19. Nc1 Qc2 20. Qxc2 Bxc2 21. Ra2 Bf5 22. Nb3 Bf6 23. Ra7 Rb8 24. e3 e5 {Silva,P (2317)-Blanco Ronquillo,H (2442) Chess.com INT 2022 0-1 (49)}) 10... Nxc3 11. Bxc3 Nd7 12. Nd3 a5 13. Qd2 b5 14. c5 e5 15. Nxe5 Nxe5 16. dxe5 Bxc5 17. Bd4 Ba3 18. Bb2 Bxb2 19. Qxb2 Qb6 20. Rac1 b4 21. Rfd1 Rac8 22. Qd4 c5 23. Qf4 Be6 24. Bxd5 Rfe8 25. e4 c4 26. bxc4 a4 27. Rb1 Qc5 28. Qd2 Rb8 29. Qd4 Rec8 30. Rb2 b3 31. Qxc5 Rxc5 32. axb3 a3 33. Rbb1 Ra5 34. Rd2 a2 35. Ra1 Bh3 36. Rb2 Ra3 37. c5 Rb5 38. b4 Rc3 39. f4 g5 40. Kf2 Rcxc5 41. Raxa2 Rc7 42. Ra5 Rb6 43. b5 Rc1 44. Ra6 Rb8 45. b6 Rf1+ 46. Ke3 Re1+ 47. Kd2 Rh1 48. b7 Kg7 49. Ra8 1-0

[Event "Titled Tuesday intern op 05th Apr Early"]
[Site "Chess.com INT"]
[Date "2022.04.05"]
[Round "6"]
[White "Fedoseev, Vladimir1"]
[Black "Dubov, Daniil"]
[Result "1-0"]
[WhiteElo "2701"]
[BlackElo "2711"]
[PlyCount "63"]
[EventDate "2022.04.05"]
[EventType "swiss (blitz)"]
[EventRounds "11"]
[EventCountry "USA"]
[SourceTitle "CBM 207 Extra"]
[Source "ChessBase"]
[SourceDate "2022.05.31"]
[SourceVersion "1"]
[SourceVersionDate "2022.05.31"]
[SourceQuality "1"]

1. Nf3 d5 2. b3 g6 3. Bb2 Nf6 4. c4 Bg7 5. cxd5 O-O 6. Qc1 $146 ({RR} 6. g3 Qxd5 7. Bg2 Qh5 8. O-O Bh3 9. d4 Nc6 10. Qc2 Rad8 11. Rd1 Ng4 12. Bh1 e5 13. d5 Ne7 14. Nc3 f5 15. Ba3 Rf7 16. Rab1 e4 17. Nd4 f4 18. Nxe4 Bg2 19. h4 Bxh1 20. Kxh1 fxg3 {Averbakh,Y-Smyslov,V Moscow 1939 0-1}) ({RR} 6. Bxf6 exf6 7. Nc3 f5 8. g3 Nd7 9. Bg2 Nf6 10. Rc1 Qe7 11. O-O Rd8 12. Qc2 h5 13. e3 Bd7 14. d4 Rac8 15. Rfe1 Be8 16. Ne5 h4 17. Qe2 hxg3 18. hxg3 Nh5 19. Nd3 Bh6 20. Bf3 Nf6 {Nakamura,H (2750)-Dubov,D (2711) Chess.com INT 2022 ½-½ (86)}) ({RR} 6. Bxf6 Bxf6 7. Nc3 c6 8. dxc6 Nxc6 9. e3 Bf5 10. Be2 Nb4 11. O-O Bc2 12. Qc1 Bd3 13. Bxd3 Nxd3 14. Qc2 Rc8 15. Rad1 Qd7 16. Qb1 Rfd8 17. Ne2 a5 18. Ned4 Nc5 19. Rc1 e5 20. Ne2 Nd3 {Anton Guijarro,D (2663)-Ragger,M (2581) chess.com INT 2025 0-1 (36)}) 6... Qxd5 7. Qxc7 Nc6 8. Nc3 Qf5 9. Rc1 e5 10. e4 Qh5 11. Qd6 Rd8 12. Qc5 Bf8 13. Qb5 a6 14. Qb6 Bg4 15. Be2 Nd7 16. Qxb7 Nd4 17. Nd5 Nxf3+ 18. gxf3 Bxf3 19. Qxd7 Qh6 20. Nf6+ Kh8 21. Bxf3 Rxd7 22. Nxd7 Rd8 23. Rc7 Bd6 24. Nxe5 Bxe5 25. Bxe5+ Kg8 26. O-O Qxd2 27. Bg3 Qg5 28. Be2 h5 29. h4 Qd2 30. Bc4 Rf8 31. e5 Qd4 32. Re1 1-0

[Event "Sharjah Rapid op 27th"]
[Site "Sharjah"]
[Date "2022.04.07"]
[Round "9"]
[White "Salem, AR Saleh"]
[Black "Iordachescu, Viorel"]
[Result "1-0"]
[WhiteElo "2690"]
[BlackElo "2585"]
[PlyCount "87"]
[EventDate "2022.04.06"]
[EventType "swiss (rapid)"]
[EventRounds "9"]
[EventCountry "UAE"]
[SourceTitle "CBM 207 Extra"]
[Source "ChessBase"]
[SourceDate "2022.05.31"]
[SourceVersion "1"]
[SourceVersionDate "2022.05.31"]
[SourceQuality "1"]

1. Nf3 d5 2. g3 Nf6 3. Bg2 c6 4. O-O Bg4 5. h3 Bh5 6. d4 e6 7. c4 Nbd7 8. Nc3 Be7 9. cxd5 exd5 10. Nh4 O-O 11. g4 Bg6 12. Nxg6 hxg6 13. Bf4 $146 ({RR} 13. f4 Qb6 14. e3 Bb4 15. g5 Bxc3 16. bxc3 Ne4 17. Bxe4 dxe4 18. Qg4 f5 19. gxf6 Nxf6 20. Qxg6 Qa6 21. Rf2 Qd3 22. Bd2 Rae8 23. f5 Rf7 24. Kh1 Ree7 25. Rg1 Kf8 26. Qg3 a6 27. Qb8+ Re8 {Rakesh,K (2355)-Maltezeanu,S (2102) New Delhi 2019 ½-½ (50)}) 13... Ne8 14. e4 dxe4 15. d5 cxd5 16. Qxd5 Nc5 17. Rad1 Nf6 18. Qxd8 Raxd8 19. Be3 b6 20. a3 Ne6 21. g5 Nh5 22. h4 f5 23. gxf6 Bxf6 24. Bxe4 Nef4 25. Nd5 Nxd5 26. Bxd5+ Kh7 27. b4 Bxh4 28. Bb3 g5 29. Bc2+ Kg8 30. Bb3+ Kh7 31. Bc2+ Kg8 32. a4 g4 33. a5 g3 34. fxg3 Rxf1+ 35. Kxf1 Nxg3+ 36. Kg2 Re8 37. Kf3 g5 38. Bc1 Nh5 39. Bb2 Rf8+ 40. Kg4 Nf6+ 41. Kf5 Nh5+ 42. Kg6 Nf4+ 43. Kh6 g4 44. Bb3+ 1-0

[Event "Junior Speed Qual 3"]
[Site "Chess.com INT"]
[Date "2022.04.08"]
[Round "1.10"]
[White "Suleymanli, Aydin Elshan"]
[Black "Sankalp, Gupta"]
[Result "1-0"]
[WhiteElo "2525"]
[BlackElo "2504"]
[PlyCount "67"]
[EventDate "2022.04.08"]
[EventType "k.o. (blitz)"]
[EventRounds "3"]
[EventCountry "USA"]
[SourceTitle "CBM 207 Extra"]
[Source "ChessBase"]
[SourceDate "2022.05.31"]
[SourceVersion "1"]
[SourceVersionDate "2022.05.31"]
[SourceQuality "1"]

1. Nf3 d5 2. c4 d4 3. b4 f6 4. e3 e5 5. exd4 exd4 6. Bd3 Bxb4 7. O-O Ne7 8. Qc2 g6 $146 ({RR} 8... c5 9. Re1 Nbc6 10. Bxh7 Kf8 11. Be4 Qd6 12. Ba3 Bg4 13. h3 Bd7 14. Bxb4 Nxb4 15. Qb3 Rb8 16. Na3 a6 17. Nc2 Nbc6 18. Qa3 Kf7 19. Rab1 b5 20. cxb5 axb5 21. d3 Be6 22. Qb2 b4 23. Na1 {Najdorf,M-Rubinetti,J Zarate 1972 ½-½}) 9. Re1 Kf7 10. c5 Nbc6 11. a3 Ba5 12. Bb2 Bf5 13. Bxf5 Nxf5 14. Qb3+ Kg7 15. Qxb7 Qd7 16. Qa6 Rab8 17. Bc1 Rhe8 18. Rxe8 Rxe8 19. Qf1 g5 20. d3 g4 21. Nfd2 Bc3 22. Nxc3 dxc3 23. Ne4 Ne5 24. Nxc3 Nxd3 25. Bd2 Nh4 26. Rd1 Rd8 27. Be3 Qc6 28. Ne2 Qe4 29. Ng3 Qd5 30. Rd2 Ng6 31. Qd1 f5 32. Bg5 Rd7 33. Nh5+ Kf7 34. Nf6 1-0

[Event "Junior Speed Qual 3"]
[Site "Chess.com INT"]
[Date "2022.04.08"]
[Round "2.6"]
[White "Iniyan, Panneerseluam"]
[Black "Galperin, Platon"]
[Result "1-0"]
[WhiteElo "2518"]
[BlackElo "2518"]
[PlyCount "95"]
[EventDate "2022.04.08"]
[EventType "k.o. (blitz)"]
[EventRounds "3"]
[EventCountry "USA"]
[SourceTitle "CBM 207 Extra"]
[Source "ChessBase"]
[SourceDate "2022.05.31"]
[SourceVersion "1"]
[SourceVersionDate "2022.05.31"]
[SourceQuality "1"]

1. b3 Nf6 2. Bb2 g6 3. g3 Bg7 4. Bg2 d5 5. Nf3 O-O 6. O-O c5 7. c4 Nc6 8. cxd5 Nxd5 9. Bxg7 Kxg7 10. Qc1 Qd6 11. Na3 ({RR} 11. Nc3 Nxc3 12. Qxc3+ Kg8 13. Rac1 b6 14. d4 Nxd4 15. Nxd4 cxd4 16. Qc7 Rb8 17. Qxd6 exd6 18. Rfd1 Re8 19. Bf3 Ba6 20. Rc7 Bxe2 21. Bxe2 Rxe2 22. Rxa7 Re4 23. Rd7 Ra8 24. Rd2 Re1+ 25. Kg2 Ra1 {Timman,J (2590)-Van Wely,L (2585) Amsterdam 1995 1-0 (52)}) 11... b6 12. Nc4 Qf6 $146 ({RR} 12... Qd7 13. Qb2+ f6 14. d4 cxd4 15. Nxd4 Bb7 16. Rad1 Nxd4 17. Qxd4 Qb5 18. Bxd5 Rad8 19. Ne3 {1-0 (19) Naroditsky,D (2479)-Videnova,I (2313) Golden Sands 2012}) ({RR} 12... Qd7 13. Qb2+ f6 14. d4 cxd4 15. Nxd4 Bb7 16. Rfd1 b5 17. Nxb5 Ncb4 18. Nd4 e5 19. Nf3 Qe7 20. Na5 Rae8 21. Nxb7 Qxb7 22. a3 Na6 23. b4 Nac7 24. Nd2 Rd8 25. Nc4 Qa6 26. Rac1 Qe6 27. Na5 {Hernandez Perez,P (2109)-Singhvi,A (1908) Philadelphia USA 2024 1-0 (93)}) 13. d4 cxd4 14. Qd2 Rd8 15. e3 dxe3 16. Nxe3 Nf4 17. Ng4 Nh3+ 18. Bxh3 Bxg4 19. Bxg4 Rxd2 20. Nxd2 Qd4 21. Bf3 Qxd2 22. Bxc6 Rc8 23. Rfd1 Qb2 24. Be4 f5 25. Bd3 Rc3 26. Rdb1 Qd2 27. Rd1 Qb2 28. Rdb1 Qa3 29. Rd1 Qc5 30. Rd2 Rc1+ 31. Rd1 Rxa1 32. Rxa1 e5 33. Rd1 Qa3 34. Bc4 Qxa2 35. Rd7+ Kf6 36. h4 e4 37. Rxh7 Qb1+ 38. Kg2 Qb2 39. Rf7+ Ke5 40. Rg7 Kd4 41. Rxg6 e3 42. Rd6+ Kc5 43. Rd5+ Kc6 44. Rxf5 a6 45. Rf3 exf2 46. Rxf2 Qb1 47. Rf6+ Kc5 48. Rf3 1-0

[Event "Chess.com Rapid Wk9 Swiss"]
[Site "Chess.com INT"]
[Date "2022.04.09"]
[Round "3"]
[White "Kovalev, Vladislav"]
[Black "Dreev, Alexey"]
[Result "1-0"]
[WhiteElo "2623"]
[BlackElo "2623"]
[PlyCount "107"]
[EventDate "2022.04.09"]
[EventType "swiss (rapid)"]
[EventRounds "9"]
[EventCountry "USA"]
[SourceTitle "CBM 207 Extra"]
[Source "ChessBase"]
[SourceDate "2022.05.31"]
[SourceVersion "1"]
[SourceVersionDate "2022.05.31"]
[SourceQuality "1"]

1. e4 c5 2. Nf3 e6 3. d3 Nc6 4. g3 d5 5. Nbd2 g6 6. Bg2 Bg7 7. O-O Nge7 8. Re1 Qc7 9. Qe2 ({RR} 9. h4 h6 10. a4 b6 11. exd5 exd5 12. c4 O-O 13. cxd5 Nxd5 14. h5 Ndb4 15. hxg6 fxg6 16. Ne4 Kh8 17. Be3 Bg4 18. Nxc5 bxc5 19. Bxc5 Rfe8 20. Qb3 Rab8 21. Nh4 g5 22. Rxe8+ Rxe8 23. Ng6+ Kh7 {Osinovsky,S (2232)-Arias,J (2342) chess.com INT 2024 0-1}) 9... h6 ({RR} 9... b6 10. Nf1 Bb7 11. Bf4 Qd7 12. e5 d4 13. N1d2 Nd5 14. Ne4 Nxf4 15. gxf4 O-O 16. Nd6 Rad8 17. Nxb7 Qxb7 18. Ng5 Qc7 19. Qg4 Ne7 20. h4 h5 21. Qf3 Bh6 22. Bh3 Bxg5 {½-½ (22) Rodriguez Vila,A (2490)-Ricardi,P (2545) La Carlota 1995}) 10. h4 b6 11. a3 $146 ({RR} 11. Nf1 dxe4 12. dxe4 Nd4 13. Nxd4 cxd4 14. e5 Bb7 15. Bxb7 Qxb7 16. Nh2 O-O-O 17. Nf3 Rd5 18. Qe4 Nc6 19. Bf4 g5 20. hxg5 hxg5 21. Nxg5 Bxe5 22. Bd2 Bd6 23. f4 Kb8 24. Kg2 Rb5 25. Nxf7 Qxf7 {Lazic,M (2450)-Djuric,S (2485) Cetinje 1993 0-1 (38)}) 11... Bb7 12. Rb1 Nd4 13. Qd1 Nxf3+ 14. Qxf3 O-O 15. Nf1 c4 16. Nh2 cxd3 17. cxd3 Qc2 18. Bf4 e5 19. Rec1 Qb3 20. Rc7 dxe4 21. dxe4 Qxf3 22. Bxf3 exf4 23. gxf4 Ba6 24. Rxe7 Rfe8 25. Rxe8+ Rxe8 26. e5 g5 27. Rd1 gxf4 28. Ng4 Bc8 29. Nf6+ Bxf6 30. exf6 Kh7 31. h5 Bf5 32. Rd4 Rg8+ 33. Kh2 Bg4 34. Be4+ Kh8 35. b4 Bxh5 36. Rd7 a5 37. b5 Bg6 38. Bd5 Kh7 39. Bxf7 Bxf7 40. Rxf7+ Kg6 41. Rb7 Kxf6 42. Rxb6+ Ke5 43. Ra6 Ke4 44. Rxa5 Kf3 45. b6 Rg2+ 46. Kh1 Rxf2 47. Rb5 Kg3 48. Kg1 Ra2 49. Rb1 Rg2+ 50. Kf1 Rh2 51. Rb3+ f3 52. Ke1 Re2+ 53. Kd1 Kg2 54. b7 1-0

[Event "Chess.com Rapid Wk9 Swiss"]
[Site "Chess.com INT"]
[Date "2022.04.09"]
[Round "6"]
[White "Nakamura, Hikaru"]
[Black "Tabatabaei, Mohammad Amin"]
[Result "1-0"]
[WhiteElo "2750"]
[BlackElo "2632"]
[PlyCount "147"]
[EventDate "2022.04.09"]
[EventType "swiss (rapid)"]
[EventRounds "9"]
[EventCountry "USA"]
[SourceTitle "CBM 207 Extra"]
[Source "ChessBase"]
[SourceDate "2022.05.31"]
[SourceVersion "1"]
[SourceVersionDate "2022.05.31"]
[SourceQuality "1"]

1. Nf3 d5 2. b3 Bf5 3. Bb2 e6 4. g3 h6 5. Bg2 Nf6 ({RR} 5... c5 6. c4 d4 7. Nh4 Nc6 8. Nxf5 exf5 9. e3 Nf6 10. Bxc6+ bxc6 11. Qf3 Qd7 12. O-O O-O-O 13. Na3 Ne4 14. Rad1 g5 15. exd4 cxd4 16. Nc2 g4 17. Qg2 Bg7 18. h4 gxh3 19. Qxh3 h5 20. d3 {Erdogmus,Y (2599)-Orlov,O (2254) Almaty KAZ 2024 0-1 (33)}) 6. Ne5 ({RR} 6. d3 Be7 7. Nbd2 O-O 8. Ne5 Bh7 9. O-O a5 10. a3 c5 11. e4 Nc6 12. Nxc6 bxc6 13. a4 Nd7 14. Re1 Rb8 15. c4 Bf6 16. e5 Be7 17. Bf1 f6 18. Nf3 fxe5 19. Nxe5 Nxe5 20. Bxe5 Bd6 {Nakamura,H (2750)-Xiong,J (2686) Chess.com INT 2022 1-0 (44)}) 6... Be7 7. d3 Nbd7 $146 ({RR} 7... O-O 8. Nd2 Bh7 9. e3 Nbd7 10. f4 a5 11. a3 c5 12. a4 Nxe5 13. fxe5 Nd7 14. O-O Nb8 15. Rf2 Nc6 16. Qg4 Nb4 17. Raf1 Bg5 18. Qe2 Nxc2 19. Nf3 Nb4 20. Nxg5 Bxd3 21. Nxf7 Rxf7 22. Qh5 {Savchenko,B (2581)-Grachev,B (2621) Moscow 2019 ½-½ (55)}) 8. Nxd7 Qxd7 9. Nd2 O-O 10. O-O a5 11. a3 Rfd8 12. e3 c5 13. a4 b5 14. axb5 Qxb5 15. Ra4 Bh7 16. Qa1 Ra6 17. Qa2 Rda8 18. Ra1 R8a7 19. Bf1 Qb8 20. Qb1 Ra8 21. R1a2 R6a7 22. Qa1 Qc7 23. c4 Bd8 24. cxd5 exd5 25. d4 Rb7 26. dxc5 Qxc5 27. Bd4 Qf8 28. Bc3 Ne4 29. Nxe4 Bxe4 30. b4 d4 31. Bxd4 Bd5 32. Rb2 Qe8 33. bxa5 Bc6 34. Raa2 Rxb2 35. Rxb2 Rxa5 36. Qb1 Ra8 37. Bd3 Bf6 38. Bxf6 gxf6 39. Rb4 Qe5 40. Rd4 Kg7 41. Qd1 Ra5 42. h4 Rd5 43. Qg4+ Kf8 44. Qc8+ Qe8 45. Qg4 Rxd4 46. Qxd4 Kg7 47. Qg4+ Kf8 48. Qf4 Kg7 49. Qf5 Qe5 50. Qh7+ Kf8 51. Qxh6+ Ke7 52. e4 Qa1+ 53. Kh2 Qd4 54. Qe3 Qe5 55. Qf4 Qd4 56. Qe3 Qe5 57. f3 Kf8 58. Be2 Kg8 59. Qd2 Kg7 60. Kg2 Qe7 61. Qd4 Bd7 62. g4 Qe6 63. Kf2 Kg8 64. Bc4 Qe7 65. Bd5 Be8 66. h5 Kf8 67. g5 Qd6 68. gxf6 Qh2+ 69. Ke1 Qh1+ 70. Ke2 Qxh5 71. Qc5+ Kg8 72. Qc8 Qh2+ 73. Kd3 Qe5 74. Qg4+ 1-0

[Event "Junior Speed Qual"]
[Site "Chess.com INT"]
[Date "2022.04.28"]
[Round "1.35"]
[White "Muradli, Mahammad"]
[Black "Sadhwani, Raunak"]
[Result "1-0"]
[WhiteElo "2537"]
[BlackElo "2628"]
[PlyCount "73"]
[EventDate "2022.04.11"]
[EventType "k.o. (blitz)"]
[EventRounds "4"]
[EventCountry "USA"]
[SourceTitle "EXT 2023"]
[Source "ChessBase"]
[SourceDate "2022.10.05"]
[SourceVersion "1"]
[SourceVersionDate "2022.10.05"]
[SourceQuality "1"]

1. Nf3 d5 2. c4 d4 3. b4 g5 4. d3 g4 5. Nh4 e5 6. g3 Bxb4+ 7. Bd2 Be7 8. Bg2 $146 ({RR} 8. Ng2 c5 9. e4 Nc6 10. Be2 h5 11. O-O f5 12. f3 fxe4 13. fxe4 Nh6 14. Na3 Nf7 15. Rb1 a6 16. Kh1 Nd6 17. Be1 Be6 18. Nh4 Bg5 19. Nc2 Qd7 20. Bf2 O-O-O 21. Ne1 Qg7 22. Neg2 Rdf8 {Sarmiento Afonso,S (2023)-Rivero Tacoronte,G (1831) Vecindario ESP 2024 0-1 (47)}) 8... Bxh4 9. gxh4 Qxh4 10. Na3 c6 11. c5 Be6 12. Rb1 Qe7 13. Qc2 h5 14. Nc4 Bxc4 15. Qxc4 h4 16. h3 g3 17. fxg3 hxg3 18. O-O Rh7 19. Rf3 Na6 20. Rf5 Rc8 21. Rbf1 Rg7 22. e3 dxe3 23. Bxe3 f6 24. d4 Qf7 25. Rxe5+ Ne7 26. Re6 Nc7 27. Rfxf6 Qg8 28. d5 cxd5 29. Bxd5 Ncxd5 30. Qxd5 Qh7 31. Kg2 Qc2+ 32. Bd2 Rd8 33. Rf8+ Kxf8 34. Qxd8+ Kf7 35. Qxe7+ Kg8 36. Qe8+ Kh7 37. Qh5+ 1-0

[Event "Junior Speed Qual"]
[Site "Chess.com INT"]
[Date "2022.04.28"]
[Round "1.37"]
[White "Muradli, Mahammad"]
[Black "Sadhwani, Raunak"]
[Result "1-0"]
[WhiteElo "2537"]
[BlackElo "2628"]
[PlyCount "87"]
[EventDate "2022.04.11"]
[EventType "k.o. (blitz)"]
[EventRounds "4"]
[EventCountry "USA"]
[SourceTitle "EXT 2023"]
[Source "ChessBase"]
[SourceDate "2022.10.05"]
[SourceVersion "1"]
[SourceVersionDate "2022.10.05"]
[SourceQuality "1"]

1. Nf3 d5 2. c4 d4 3. b4 g5 4. g3 ({RR} 4. h3 Bg7 5. d3 h6 6. g3 e5 7. Bg2 Ne7 8. g4 Be6 9. a4 Nd7 10. Ba3 Ng6 11. Nbd2 Nf4 12. Bf1 h5 13. Rg1 hxg4 14. hxg4 a5 15. b5 c5 16. bxc6 bxc6 17. Ne4 Bf8 18. Nfxg5 Bxa3 {Shapiro,D (2702)-Szpar,M (2923) Chess.com 2024 0-1 (39)}) 4... g4 ({RR} 4... Bg7 5. Qb3 e5 6. d3 h6 7. Bg2 Ne7 8. a4 a5 9. b5 c5 10. bxc6 Nexc6 11. Na3 Na6 12. Nb5 Nc5 13. Qb1 Rb8 14. Ba3 b6 15. Nxg5 hxg5 16. Bxc6+ Kf8 17. Bd5 Kg8 18. Bxc5 bxc5 19. Qa2 {Muradli,M (2588)-Kuzubov,Y (2597) chess.com INT 2025 1-0 (53)}) 5. Nh4 e5 6. Qb3 $146 ({RR} 6. Bg2 Be7 7. d3 Bxb4+ 8. Nd2 Be7 9. Rb1 c6 10. Qa4 f5 11. h3 Bxh4 12. gxh4 Nf6 13. hxg4 Nxg4 14. Ba3 Rg8 15. c5 Rg7 16. Nc4 Kf8 17. Nb6 axb6 18. cxb6+ Ke8 19. Qxa8 Na6 20. Rg1 Kd7 {Pourquet,M (2201)-Mica,M (2305) Marianske Lazne 2022 0-1}) ({RR} 6. Bg2 Be7 7. O-O Bxh4 8. gxh4 Qxh4 9. Qa4+ Bd7 10. Qa5 Nc6 11. Bxc6 Bxc6 12. Qxe5+ Kd7 13. b5 Nf6 14. bxc6+ bxc6 15. Qxd4+ Kc8 16. Bb2 {1-0 (16) Mekhitarian,K (2564)-Colville,J (2162) chess.com INT 2025}) 6... Ne7 7. d3 Ng6 8. Nxg6 hxg6 9. Bg2 c6 10. a4 Be7 11. Nd2 f5 12. Ba3 Be6 13. Qb2 Qd7 14. b5 O-O 15. Nb3 b6 16. Bxe7 Qxe7 17. a5 Qb4+ 18. Kf1 Nd7 19. bxc6 Nc5 20. Rb1 Na4 21. Qc1 Nc3 22. Nxd4 Nxb1 23. Nxe6 Rf6 24. Bd5 Nc3 25. Nc7+ Nxd5 26. Nxd5 Qd6 27. Qb2 Rb8 28. c7 Rc8 29. axb6 axb6 30. Kg2 Rxc7 31. Nxf6+ Qxf6 32. Ra1 f4 33. gxf4 Qxf4 34. Qxb6 Rg7 35. Qe6+ Kh7 36. Ra5 Rf7 37. Qb6 e4 38. Qe3 Qxe3 39. fxe3 exd3 40. exd3 Rf3 41. Re5 Kg7 42. c5 Kf6 43. Re4 Rf5 44. Rf4 1-0

[Event "Titled Tuesday intern op 12th Apr Early"]
[Site "Chess.com INT"]
[Date "2022.04.12"]
[Round "4"]
[White "Grandelius, Nils"]
[Black "Shipov, Sergei"]
[Result "1-0"]
[WhiteElo "2656"]
[BlackElo "2541"]
[PlyCount "105"]
[EventDate "2022.04.12"]
[EventType "swiss (blitz)"]
[EventRounds "11"]
[EventCountry "USA"]
[SourceTitle "CBM 207 Extra"]
[Source "ChessBase"]
[SourceDate "2022.05.31"]
[SourceVersion "1"]
[SourceVersionDate "2022.05.31"]
[SourceQuality "1"]

1. Nf3 Nf6 2. g3 d5 3. Bg2 c6 4. O-O Bg4 5. h3 Bh5 6. c4 e6 7. d4 Bd6 8. Nc3 Nbd7 9. cxd5 exd5 10. Nh4 O-O 11. Nf5 Bc7 12. Qb3 Rb8 $146 ({RR} 12... Nb6 13. a4 a5 14. Bg5 h6 15. Bc1 Re8 16. Re1 Qd7 17. Nh4 Nc4 18. e4 g5 19. Nf5 Nxe4 20. Nxh6+ Kg7 21. Nxe4 dxe4 22. Qxc4 Kxh6 23. Rxe4 Rxe4 24. Bxe4 Qxh3 25. Qc5 Qg4 26. Qf5 Qxf5 27. Bxf5 {Beukes,D (2206)-Michaelides,K (2260) Chess.com INT 2020 ½-½ (107)}) 13. Bd2 Re8 14. Rae1 b5 15. Bf3 Bxf3 16. exf3 g6 17. Nh6+ Kg7 18. Qc2 Nb6 19. Bg5 Qd7 20. Kg2 Rxe1 21. Rxe1 Re8 22. Bxf6+ Kxf6 23. Ng4+ Kg7 24. Qc1 Re6 25. Nb1 Nc4 26. b3 Nb6 27. Qh6+ Kg8 28. Nd2 Qe7 29. Rxe6 Qxe6 30. Nf1 Nd7 31. Qc1 f5 32. Nge3 Bb6 33. Qc3 Qf6 34. Nc2 Nf8 35. a4 a6 36. a5 Ba7 37. b4 Kf7 38. Nd2 Ke7 39. Nb3 Kd7 40. Nc5+ Bxc5 41. Qxc5 Ne6 42. Qb6 Nc7 43. Ne1 Qd8 44. Nd3 Ne6 45. Ne5+ Kd6 46. Qxc6+ Ke7 47. Qxa6 Nxd4 48. Qa7+ Ke6 49. Qxd4 Qc7 50. Nd3 Qc4 51. Nc5+ Kd6 52. Qf6+ Kc7 53. Qe7+ 1-0

[Event "Titled Tuesday intern op 12th Apr Early"]
[Site "Chess.com INT"]
[Date "2022.04.12"]
[Round "10"]
[White "Nakamura, Hikaru"]
[Black "Jobava, Baadur"]
[Result "1-0"]
[WhiteElo "2750"]
[BlackElo "2588"]
[PlyCount "89"]
[EventDate "2022.04.12"]
[EventType "swiss (blitz)"]
[EventRounds "11"]
[EventCountry "USA"]
[SourceTitle "CBM 207 Extra"]
[Source "ChessBase"]
[SourceDate "2022.05.31"]
[SourceVersion "1"]
[SourceVersionDate "2022.05.31"]
[SourceQuality "1"]

1. Nf3 {Edouard,Romain} Nf6 2. b3 b6 3. g3 Bb7 4. Bb2 ({RR} 4. Bg2 e5 5. c4 e4 6. Nd4 d5 7. cxd5 Qxd5 8. Nc2 ({RR} 8. Bb2) 8... Nbd7 ({RR} 8... Nc6 9. O-O O-O-O 10. Nc3 Qe6) 9. Nc3 Qh5 10. Ne3 O-O-O 11. Qc2 Bc5 12. Bb2 Rhe8 13. Rc1 ({RR} 13. O-O Ne5) ({RR} 13. O-O-O Ne5 14. h3 Kb8) 13... Kb8 14. h3 Ne5 15. Kf1 ({RR} 15. O-O Nf3+ 16. exf3 exf3 17. Bh1 Rxd2 ({RR} 17... Qxh3 18. Qf5) 18. Qxd2 ({RR} 18. Qf5 Rxb2) 18... Qxh3) 15... Nf3 16. Nb1 Ba6 ({RR} 16... Nd5) 17. g4 Qg5 18. b4 Bxe3 {Anton Guijarro,D (2673)-Radjabov,T (2765) chess24.com INT 2021 CBM 201 [Edouard,Romain] 0-1} {RR} 19. Qxc7+ Ka8) ({RR} 4. Bg2 d6 5. d4 g6 6. c4 Bg7 7. Bb2 O-O 8. O-O Ne4 9. Ng5 Nxg5 10. Bxb7 Nd7 11. Bxa8 Qxa8 12. h4 Ne6 13. Na3 f5 14. e3 Nf6 15. d5 Nc5 16. Nb5 Qb7 17. Nd4 Ng4 18. Qe2 Re8 {Theodorou,N (2611)-Pham Bich Ngoc (2196) chess.com INT 2025 1-0 (39)}) 4... Bxf3 $146 ({RR} 4... g5 5. Bxf6 exf6 6. Bg2 h5 7. c4 h4 8. Nxh4 Qc8 9. Nf3 g4 10. Nh4 Rxh4 11. gxh4 Bxg2 12. Rg1 Qb7 13. Nc3 Bd6 14. f3 Bh3 15. Qc2 Na6 16. Nd5 O-O-O 17. fxg4 Bxh2 18. O-O-O Bxg1 19. Rxg1 {Ospina Castro,S (2088)-Caballero Marrugo,D (1759) Barranquilla 2022 0-1 (33)}) ({RR} 4... g6 5. Bxf6 exf6 6. Bg2 Bg7 7. O-O O-O 8. d4 c5 9. e3 d5 10. Nc3 Na6 11. Ne2 Rc8 12. c3 Qe7 13. Qd2 Rfd8 14. Rfd1 Nc7 15. Rac1 Ne6 16. Nf4 f5 17. h4 h5 18. Nh3 Nc7 19. Ne1 {Nakamura,H (2760)-Martinez Alcantara,J (2591) Chess.com INT 2022 1-0 (133)}) 5. exf3 c5 6. Bxf6 gxf6 7. f4 Nc6 8. Bg2 f5 9. O-O Bg7 10. c3 O-O 11. Na3 d5 12. Nc2 e6 13. Ne1 a5 14. Rb1 a4 15. bxa4 Qc7 16. Nf3 Ra7 17. Qb3 Rb8 18. Rfc1 c4 19. Qc2 Rba8 20. Rb2 Rxa4 21. Rcb1 R4a6 22. Bf1 Ne7 23. d3 Ra3 24. Rxb6 Rxc3 25. Qd1 cxd3 26. a4 Bf6 27. Bxd3 Kg7 28. R6b4 Rc8 29. Kg2 Qc5 30. Rb7 Qa3 31. Be2 Rc2 32. Ra7 Ra2 33. Rb3 Qc5 34. Rbb7 Qa3 35. Qd3 Rc3 36. Qb5 Rxf3 37. Bxf3 Bd4 38. Rxe7 Rxf2+ 39. Kh3 Qxf3 40. Rxf7+ Kg6 41. Rg7+ Bxg7 42. Qe8+ Kh6 43. Qxe6+ Kh5 44. Qxf5+ Kh6 45. Qg5# 1-0